Arte y ciencia del Derecho.

Uloženo v:
Podrobná bibliografie
Hlavní autor: Biondi, Biondo (autor)
Další autoři: Iglesias, Juan (prólogo), Latorre, Ángel (traducción, estudio preliminar)
Médium: Kniha
Jazyk:španělština
Vydáno: Barcelona, España: Ediciones Ariel, 1953.
Edice:Publicaciones del Seminario de Derecho Romano de la Universidad de Barcelona, III.
Témata:
Tagy: Přidat tag
Žádné tagy, Buďte první, kdo vytvoří štítek k tomuto záznamu!

MARC

LEADER 00000nam a2200000 a 4500
001 UCR3545
003 CL-VaPUC
005 20220822114337.0
008 980128e19530000SP |||||||||||||||||spa|d
999 |c 266604  |d 266602 
040 |c Pontificia Universidad Católica de Valparaíso 
082 0 4 |a 340.1 BIO 1953  |2 21 
100 0 |a Biondi, Biondo  |9 402467  |e autor 
245 1 0 |a Arte y ciencia del Derecho.  
260 |a Barcelona, España:  |b Ediciones Ariel,  |c 1953. 
300 |a 264 páginas. 
440 |a Publicaciones del Seminario de Derecho Romano de la Universidad de Barcelona, III.  |9 865700 
500 |a c.2 Donación Familia Prof. Alejandro Guzmán Brito. 
583 |a last modification  |c 19980128 00:00:00  |k Rodrigo Vera 
650 0 |a Filosofía del derecho   |9 255050 
650 0 |a Derecho romano  |9 255930 
650 0 |a Dogmática jurídica  |9 337910 
650 0 |a Existencialismo  |9 265698 
650 0 |a Cristianismo  |9 257361 
700 |a Iglesias, Juan   |9 865335  |e prólogo 
700 |a Latorre, Ángel  |9 598707  |e traducción   |e estudio preliminar  
942 |c BK  |2 ddc  |n 0 
945 |d 19980128 00:00:00  |a cmena 
952 |0 0  |1 0  |2 ddc  |4 0  |6 340_100000000000000_BIO_1953  |7 0  |8 DER_ROM  |9 298360  |a BIBDER  |b BIBDER  |d 2019-11-20  |i 1950150  |l 2  |o 340.1 BIO 1953  |p 1950150  |r 2024-08-13  |s 2024-08-13  |t 1  |w 2019-11-20  |x Ubicación 4to piso  |y BK  |z Este recurso debe solicitarse con anticipación  |k DER